000 01177nam a2200265Ia 4500
003 OSt
005 20221005102925.0
006 a|||||r|||| 00| 0
007 ta
008 221004b |||||||| |||| 00| 0 hin d
024 _a32318
037 _cTextual
040 _aCRL
_cCRL
_bhin
041 _2hin
_ahin
082 _aO152,6M83,1, M2
100 _aशुक्ल, रामचन्द्र
245 0 _aचिन्तामणि
_b विचारात्मक निबन्ध मंजूषा सहित पहला भाग
246 _aChintāmaṇi: vichārātmak nibandha manjūṣhā sahit pahalā bhāga
260 _aइलाहाबाद
_bइंडियन प्रेस पब्लिकेशंस प्राइवेट लिमिटेड भारत
_c1982
300 _a268पृ.
_ccm.
650 _aहिन्दी निबंध
700 _a मिश्र, विश्वनाथ प्रसाद
942 _hO152,6M83,1, M2
_cTEXL
_2cc
999 _c1009109
_d1009109